| 000 | 00631nam a2200193 i 4500 | ||
|---|---|---|---|
| 001 | 29347 | ||
| 003 | ES-MaACL | ||
| 005 | 20230906154021.0 | ||
| 007 | t| | ||
| 008 | 030121s1971 sp ||||1| spa d | ||
| 100 | 1 |
_aBalzac, Honoré de, _d1799-1850 _925139 |
|
| 245 | 1 | 0 |
_aSerafita / _cHonorato de Balzac ; traducción del francés por Eduardo Pons Prades ; prólogo por Emiliano M. Aguilera. |
| 260 |
_a[Barcelona] : _bIberia, _c[1971] |
||
| 300 |
_aXII, 207 p. ; _c19 cm. |
||
| 700 | 1 |
_aPons Prades, Eduardo. _993024 |
|
| 700 | 1 |
_aAguilera, Emiliano M. _918758 |
|
| 852 |
_aES-MaACL _jC-45916 _bR.77150 |
||
| 999 |
_c29347 _d29347 |
||